The subject of cinema (Record no. 11471)
[ view plain ]
| 000 -LEADER | |
|---|---|
| fixed length control field | 00668nam a2200241Ia 4500 |
| 008 - FIXED-LENGTH DATA ELEMENTS--GENERAL INFORMATION | |
| fixed length control field | 131103s9999 xx 000 0 und d |
| 020 ## - ISBN | অাই এস বি এন | |
| ISBN | অাই এস বি এন | 8170460557 |
| PRICE | Rs 150 |
| 040 ## - CATALOGING SOURCE | |
| Original cataloging agency | Loreto College |
| 041 ## - LANGUAGE CODE | |
| Language code | English |
| 082 ## - DDC | ডিউই | |
| Classification number | বর্গসংখ্যা | 791.43/ROB |
| Book Number | গ্রন্থাঙ্ক | LCLIB/44275 |
| 100 ## - MAIN ENTRY--PERSONAL NAME | মুখ্য সংলেখ - ব্যাক্তিনাম | |
| Personal name | ব্যাক্তিনাম | Roberge, Gaston |
| 245 #4 - TITLE STATEMENT | অাখ্যা বিবরণী | |
| Title | অাখ্যা | The subject of cinema |
| Statement of responsibility | লেখকের দায়িত্বের বিবরণ | Gaston Roberge |
| 260 ## - IMPRINT | প্রকাশনা ক্ষেত্র | |
| Place of publication | প্রকাশ স্থান | Calcutta; New Delhi |
| Name of publisher | প্রকাশকের নাম | Seagull |
| Date of publication | প্রকাশ কাল | 1985 (rep 2005) |
| 300 ## - PHYSICAL DESCRIPTION | | |
| Page / Vol. No | পৃষ্ঠা / খন্ড সংখ্যা | xv,259 |
| Other physical details | অনান্য বাহ্যিক বিবরণ | Plates |
| 440 ## - SERIES STATEMENT |গ্রন্থমালা | |
| Series Title | গ্রন্থমালা অাখ্যা | The Rita Ray memorial lectures, 1987 |
| 504 ## - BIBLIOGRAPHY, ETC. NOTE | |
| Bibliography, etc | Includes index |
| 630 ## - SUBJECT ADDED ENTRY--UNIFORM TITLE | |
| Uniform title | Cinema |
| 630 ## - SUBJECT ADDED ENTRY--UNIFORM TITLE | |
| Uniform title | Films |
| 650 ## - SUBJECT ADDED ENTRY--TOPICAL TERM | বিষয় শিরোনাম - মূল বিষয় | |
| Topical term | মূল বিষয় | Motion Pictures |
| 651 ## - SUBJECT ADDED ENTRY--GEOGRAPHIC NAME | বিষয় শিরোনাম - ভৌগলিক নাম | |
| Geographic name | ভৌগলিক বিষয় | Film Studies |
| 850 ## - HOLDING INSTITUTION | |
| Holding institution | LCLIB/791.43/ROB |
| 942 ## - ADDED ENTRY ELEMENTS (KOHA) | |
| Koha item type | Books |
| Withdrawn status | Lost status | Damaged status | Not for loan | Home library | Current library | Date acquired | Total Checkouts | Full call number | Accession No. | Date last seen | Date checked out | Price effective from | Koha item type |
|---|---|---|---|---|---|---|---|---|---|---|---|---|---|
| Loreto College | Loreto College | 04/11/2013 | 7 | 791.43/ROB LCLIB/44275 | B11373 | 26/04/2022 | 18/04/2022 | 04/11/2013 | Books |